[Event "San Francisco TNM Fall op"]
[Site "San Francisco"]
[Date "2012.10.30"]
[Round "3"]
[White "Morton, Adam B"]
[Black "Milliken, William"]
[Result "1-0"]
[WhiteElo "1894"]
[BlackElo "1612"]
[PlyCount "71"]
[EventDate "2012.10.16"]
[EventType "swiss"]
[EventRounds "9"]
[EventCountry "USA"]
[SourceTitle "EXT 2014"]
[Source "ChessBase"]
[SourceDate "2013.11.20"]
[SourceVersion "1"]
[SourceVersionDate "2013.11.20"]
[SourceQuality "1"]

1. d4 d5 2. c4 e6 3. Nc3 c5 4. cxd5 exd5 5. Nf3 Nf6 6. g3 Nc6 7. Bg2 Be7 8. 0-0 0-0 9. Bg5 h6 10. Be3 cxd4 11. Nxd4 Re8 12. Rc1 Bg4 13. h3 Be6 14. Nxe6 fxe6 15. f4 Qd7 16. Bf2 Rad8 17. Qa4 Bb4 18. Rfd1 Qe7 19. a3 Bc5 20. e3 Bb6 21. Rd3 Nd7 22. b4 a5 23. Qb5 Na7 24. Qa4 Nc6 25. Rb1 axb4 26. axb4 Ra8 27. Qb3 Ra7 28. Nb5 Ra6 29. Bxd5 Nf8 30. Bg2 Rea8 31. Nd4 Ra3 32. Nxc6 bxc6 33. Qc4 Rxd3 34. Qxd3 Rc8 35. Qc4 c5 36. e4 1-0

[Event "San Francisco TNM Summer op"]
[Site "San Francisco"]
[Date "2011.06.07"]
[Round "3"]
[White "Milliken, William"]
[Black "Zhao, Art"]
[Result "0-1"]
[WhiteElo "1688"]
[BlackElo "1820"]
[PlyCount "101"]
[EventDate "2011.05.24"]
[EventType "swiss"]
[EventRounds "8"]
[EventCountry "USA"]
[SourceTitle "EXT 2016"]
[Source "ChessBase"]
[SourceDate "2015.10.08"]
[SourceVersion "1"]
[SourceVersionDate "2015.10.08"]
[SourceQuality "1"]

1. e4 c5 2. d4 cxd4 3. c3 d3 4. Bxd3 d6 5. f4 Nc6 6. Be3 Nf6 7. Nd2 e6 8. Ngf3 Qc7 9. 0-0 Be7 10. Nc4 b5 11. Ncd2 a6 12. a4 bxa4 13. Nc4 Rb8 14. Qxa4 0-0 15. e5 Nd5 16. exd6 Bxd6 17. Nxd6 Qxd6 18. Qe4 f5 19. Qa4 Nxe3 20. Rfe1 Nd5 21. Bxa6 Bxa6 22. Qxa6 Qc5+ 23. Kh1 Nxf4 24. b4 Qb6 25. Qc4 g5 26. Nxg5 Qf2 27. Rg1 Ne5 28. Qc7 Qh4 29. Nxe6 Nxe6 30. Qxe5 Qf6 31. Rge1 Qxe5 32. Rxe5 Ra8 33. Rxa8 Rxa8 34. h3 Ng7 35. Kh2 Rc8 36. Re3 Kf7 37. Kg3 Rc4 38. Rd3 Ke6 39. Kf3 Ne8 40. g4 fxg4+ 41. hxg4 Nd6 42. Ke2 Rxg4 43. Rh3 Rg7 44. Kd3 Nf5 45. b5 Rg3+ 46. Rxg3 Nxg3 47. Ke3 Nf5+ 48. Kf4 Nd6 49. b6 Kd7 50. Kg5 Nf7+ 51. Kf6 0-1

[Event "San Francisco TNM Summer op"]
[Site "San Francisco"]
[Date "2011.05.31"]
[Round "2"]
[White "Otterbach, Renate"]
[Black "Milliken, William"]
[Result "0-1"]
[WhiteElo "805"]
[BlackElo "1688"]
[PlyCount "82"]
[EventDate "2011.05.24"]
[EventType "swiss"]
[EventRounds "8"]
[EventCountry "USA"]
[SourceTitle "EXT 2016"]
[Source "ChessBase"]
[SourceDate "2015.10.08"]
[SourceVersion "1"]
[SourceVersionDate "2015.10.08"]
[SourceQuality "1"]

1. e4 e5 2. Nf3 Nc6 3. Bc4 Nf6 4. d3 Be7 5. 0-0 0-0 6. c3 d6 7. Nh4 Nxe4 8. Nf3 Ng5 9. Nbd2 Bg4 10. Kh1 Qd7 11. Re1 Na5 12. Bd5 c6 13. Be4 f5 14. Qa4 fxe4 15. Nxg5 Bxg5 16. Nxe4 Bd8 17. Re3 b5 18. Qc2 Nb7 19. d4 d5 20. Nd2 e4 21. b3 Bg5 22. Rxe4 dxe4 23. Nxe4 Bxc1 24. Rxc1 Qf5 25. f3 Rae8 26. h3 Bxf3 27. Qf2 Bxe4 28. Qxf5 Bxf5 29. Rf1 Bxh3 30. Rxf8+ Kxf8 31. gxh3 Re2 32. Kg1 Kf7 33. Kf1 Rxa2 34. b4 Kf6 35. h4 Kf5 36. Ke1 Ke4 37. Kd1 Kd3 38. Kc1 Kxc3 39. Kb1 Rh2 40. h5 h6 41. Kc1 Rh1# 0-1

[Event "San Francisco TNM Spring op"]
[Site "San Francisco"]
[Date "2011.04.19"]
[Round "6"]
[White "Ramachandran, Jayakrishnan"]
[Black "Milliken, William"]
[Result "1-0"]
[WhiteElo "1852"]
[BlackElo "1679"]
[PlyCount "69"]
[EventDate "2011.03.15"]
[EventType "swiss"]
[EventRounds "8"]
[EventCountry "USA"]
[SourceTitle "EXT 2012"]
[Source "ChessBase"]
[SourceDate "2011.11.24"]
[SourceVersion "1"]
[SourceVersionDate "2011.11.24"]
[SourceQuality "1"]

1. e4 e5 2. Nf3 Nc6 3. Bc4 Nf6 4. Ng5 d5 5. exd5 Na5 6. Bb5+ c6 7. dxc6 bxc6 8. Be2 h6 9. Nf3 e4 10. Ne5 Bd6 11. d4 exd3 12. Nxd3 Qc7 13. h3 Rb8 14. Nd2 0-0 15. 0-0 c5 16. c4 Be6 17. b3 Nc6 18. Bb2 Nd4 19. Bxd4 cxd4 20. c5 Bf4 21. Nxf4 Qxf4 22. Nf3 Rfd8 23. Qd2 Qxd2 24. Nxd2 Nd5 25. c6 Rb6 26. Rac1 Nc3 27. Bf3 Bd5 28. c7 Rc8 29. Bxd5 Nxd5 30. Nf3 Rxc7 31. Nxd4 Kf8 32. Rxc7 Nxc7 33. Rc1 Ne6 34. Nxe6+ Rxe6 35. Rc8+ 1-0

[Event "San Francisco TNM Winter op"]
[Site "San Francisco"]
[Date "2011.01.25"]
[Round "4"]
[White "Hilliard, Michael"]
[Black "Milliken, William"]
[Result "0-1"]
[WhiteElo "1527"]
[BlackElo "1681"]
[PlyCount "74"]
[EventDate "2011.01.04"]
[EventType "swiss"]
[EventRounds "8"]
[EventCountry "USA"]
[SourceTitle "EXT 2012"]
[Source "ChessBase"]
[SourceDate "2011.11.24"]
[SourceVersion "1"]
[SourceVersionDate "2011.11.24"]
[SourceQuality "1"]

1. d4 d5 2. Nf3 Nf6 3. e3 e6 4. Bd3 Be7 5. Nbd2 0-0 6. 0-0 b6 7. Re1 Bb7 8. e4 dxe4 9. Nxe4 Nbd7 10. c3 c5 11. Qc2 Rc8 12. Neg5 h6 13. Nh7 Nxh7 14. Bxh7+ Kh8 15. Be4 Bxe4 16. Qxe4 Nf6 17. Qh4 cxd4 18. cxd4 Nh7 19. Qh3 Ng5 20. Qg4 Nxf3+ 21. gxf3 Bf6 22. Re4 Rc2 23. b3 Qd5 24. Be3 Rd8 25. Qh3 Kh7 26. Qf1 Rdc8 27. Qd3 Qf5 28. Qd1 Qa5 29. Qb1 Qc3 30. Rg4 g6 31. Qd1 Qa5 32. Rf4 Kg7 33. a3 R8c3 34. Rc1 Rxc1 35. Bxc1 Bg5 36. b4 Qd5 37. Qd2 Rxf3 0-1

[Event "San Francisco TNM Winter op"]
[Site "San Francisco"]
[Date "2011.01.18"]
[Round "3"]
[White "Milliken, William"]
[Black "Gaffagan, Steven"]
[Result "0-1"]
[WhiteElo "1681"]
[BlackElo "2065"]
[PlyCount "54"]
[EventDate "2011.01.04"]
[EventType "swiss"]
[EventRounds "8"]
[EventCountry "USA"]
[SourceTitle "EXT 2012"]
[Source "ChessBase"]
[SourceDate "2011.11.24"]
[SourceVersion "1"]
[SourceVersionDate "2011.11.24"]
[SourceQuality "1"]

1. e4 c6 2. d4 d5 3. Nd2 dxe4 4. Nxe4 Bf5 5. Ng3 Bg6 6. Nf3 Nd7 7. h4 h6 8. h5 Bh7 9. Bd3 Bxd3 10. Qxd3 e6 11. Bf4 Qa5+ 12. Bd2 Bb4 13. c3 Be7 14. 0-0 Ngf6 15. Rfe1 Qc7 16. c4 Rd8 17. Nf5 exf5 18. Qe2 Ne4 19. Bc3 0-0 20. Nd2 Ndf6 21. Rad1 Rfe8 22. Qf3 Qc8 23. Nf1 Nxc3 24. bxc3 Bd6 25. Ng3 Bxg3 26. fxg3 Re4 27. Rf1 Rde8 0-1

[Event "San Francisco TNM Fall op"]
[Site "San Francisco"]
[Date "2010.11.23"]
[Round "6"]
[White "Milliken, William"]
[Black "Chernobilskiy, Mikhail"]
[Result "0-1"]
[WhiteElo "1681"]
[BlackElo "1842"]
[PlyCount "50"]
[EventDate "2010.10.20"]
[EventType "swiss"]
[EventRounds "9"]
[EventCountry "USA"]
[SourceTitle "EXT 2012"]
[Source "ChessBase"]
[SourceDate "2011.11.24"]
[SourceVersion "1"]
[SourceVersionDate "2011.11.24"]
[SourceQuality "1"]

1. e4 c5 2. d4 cxd4 3. c3 dxc3 4. Nxc3 d6 5. Bc4 Nf6 6. e5 Ng4 7. e6 f5 8. Bb5+ Nc6 9. Qd5 Nge5 10. f4 a6 11. Be2 Nb4 12. Qb3 Ned3+ 13. Kf1 Qa5 14. Be3 Nc5 15. Bxc5 dxc5 16. Nf3 Nc6 17. Rd1 b5 18. Qd5 Qb6 19. Qxf5 Nd8 20. Ng5 Bxe6 21. Bh5+ g6 22. Bxg6+ hxg6 23. Qxg6+ Nf7 24. Nxf7 Bc4+ 25. Kf2 Qxg6 0-1

[Event "San Francisco TNM Fall op"]
[Site "San Francisco"]
[Date "2010.10.20"]
[Round "1"]
[White "Rumph, Todd"]
[Black "Milliken, William"]
[Result "1-0"]
[WhiteElo "2051"]
[BlackElo "1681"]
[PlyCount "61"]
[EventDate "2010.10.20"]
[EventType "swiss"]
[EventRounds "9"]
[EventCountry "USA"]
[SourceTitle "EXT 2012"]
[Source "ChessBase"]
[SourceDate "2011.11.24"]
[SourceVersion "1"]
[SourceVersionDate "2011.11.24"]
[SourceQuality "1"]

1. c4 Nf6 2. g3 e6 3. Bg2 d5 4. Nf3 c5 5. 0-0 Nc6 6. cxd5 exd5 7. d4 Bg4 8. Ne5 Be6 9. Nxc6 bxc6 10. dxc5 Bxc5 11. Qc2 Qb6 12. Nc3 Bd4 13. Na4 Qb5 14. Rd1 Be5 15. Be3 0-0 16. Rac1 Rab8 17. b3 a5 18. Bd4 Bxd4 19. Rxd4 Nd7 20. e4 c5 21. exd5 cxd4 22. dxe6 d3 23. Qd2 Ne5 24. Rc5 Qb4 25. Qxb4 axb4 26. e7 Rfe8 27. Rxe5 d2 28. Nb2 Rbc8 29. Bf3 Rc2 30. Rd5 Rxb2 31. Rd8 1-0

[Event "San Francisco TNM Summer op"]
[Site "San Francisco"]
[Date "2009.06.09"]
[Round "3"]
[White "Milliken, William"]
[Black "Star, Spencer"]
[Result "1-0"]
[WhiteElo "1702"]
[BlackElo "1123"]
[PlyCount "43"]
[EventDate "2009.05.26"]
[EventType "swiss"]
[EventRounds "8"]
[EventCountry "USA"]
[SourceTitle "EXT 2012"]
[Source "ChessBase"]
[SourceDate "2011.11.24"]
[SourceVersion "1"]
[SourceVersionDate "2011.11.24"]
[SourceQuality "1"]

1. e4 d5 2. exd5 Qxd5 3. Nc3 Qd6 4. d4 Nf6 5. Nf3 a6 6. g3 Nc6 7. Bf4 Qd7 8. Bg2 e6 9. 0-0 Bd6 10. Ne5 Bxe5 11. dxe5 Qxd1 12. Raxd1 Nd7 13. Bxc6 bxc6 14. Ne4 0-0 15. Rd2 Nb6 16. b3 Bb7 17. Nc5 Rab8 18. Rfd1 Nd5 19. c4 Nxf4 20. gxf4 Ba8 21. Nd7 Rbd8 22. Nxf8 1-0

[Event "San Francisco TNM Spring op"]
[Site "San Francisco"]
[Date "2009.05.05"]
[Round "8"]
[White "Milliken, William"]
[Black "Ramachandran, Jayakrishnan"]
[Result "0-1"]
[WhiteElo "1692"]
[BlackElo "1829"]
[PlyCount "58"]
[EventDate "2009.03.16"]
[EventType "swiss"]
[EventRounds "8"]
[EventCountry "USA"]
[SourceTitle "EXT 2012"]
[Source "ChessBase"]
[SourceDate "2011.11.24"]
[SourceVersion "1"]
[SourceVersionDate "2011.11.24"]
[SourceQuality "1"]

1. e4 e5 2. Nf3 Nc6 3. d4 exd4 4. Nxd4 d6 5. Bc4 Nf6 6. Nc3 Be7 7. 0-0 0-0 8. Be3 Ne5 9. Be2 c5 10. Nf5 Be6 11. b3 Bxf5 12. exf5 d5 13. Bg5 d4 14. Bxf6 Bxf6 15. Ne4 Qe7 16. f4 Ng4 17. Nxf6+ Nxf6 18. g4 Qe3+ 19. Kg2 Nd5 20. Rf3 Nxf4+ 21. Kf1 Qe5 22. f6 Nd5 23. fxg7 Rfe8 24. Qd3 Nf4 25. Rxf4 Qxf4+ 26. Kg2 Re3 27. Rf1 Qxf1+ 28. Bxf1 Rxd3 29. Bxd3 Kxg7 0-1

[Event "San Francisco TNM Spring op"]
[Site "San Francisco"]
[Date "2009.04.28"]
[Round "7"]
[White "Campers, William"]
[Black "Milliken, William"]
[Result "0-1"]
[WhiteElo "1777"]
[BlackElo "1692"]
[PlyCount "46"]
[EventDate "2009.03.16"]
[EventType "swiss"]
[EventRounds "8"]
[EventCountry "USA"]
[SourceTitle "EXT 2012"]
[Source "ChessBase"]
[SourceDate "2011.11.24"]
[SourceVersion "1"]
[SourceVersionDate "2011.11.24"]
[SourceQuality "1"]

1. e4 e5 2. f4 exf4 3. Nf3 d6 4. Bc4 g5 5. 0-0 Be6 6. Bxe6 fxe6 7. Nd4 Kd7 8. Qg4 Qe7 9. Nc3 Bg7 10. Nb3 h5 11. Qe2 Nc6 12. Qb5 a6 13. Qe2 Nd4 14. Nxd4 Bxd4+ 15. Kh1 Nf6 16. Nd1 Rag8 17. c3 Bb6 18. d4 h4 19. Nf2 Nh5 20. Ng4 Ng3+ 21. hxg3 hxg3+ 22. Kg1 Rh1+ 23. Kxh1 Qh7+ 0-1

[Event "San Francisco TNM Winter op"]
[Site "San Francisco"]
[Date "2009.02.17"]
[Round "7"]
[White "Milliken, William"]
[Black "Grey, Peter G"]
[Result "0-1"]
[WhiteElo "1657"]
[BlackElo "2000"]
[PlyCount "110"]
[EventDate "2009.01.06"]
[EventType "swiss"]
[EventRounds "8"]
[EventCountry "USA"]
[SourceTitle "EXT 2012"]
[Source "ChessBase"]
[SourceDate "2011.11.24"]
[SourceVersion "1"]
[SourceVersionDate "2011.11.24"]
[SourceQuality "1"]

1. e4 c5 2. d4 cxd4 3. c3 Nf6 4. e5 Nd5 5. Nf3 e6 6. Bc4 Nb6 7. Bb3 dxc3 8. Nxc3 d5 9. exd6 Bxd6 10. 0-0 0-0 11. Nb5 Be7 12. Qc2 Na6 13. Rd1 Bd7 14. Bf4 Qc8 15. Nc7 Nxc7 16. Qxc7 Qxc7 17. Bxc7 Bc6 18. Nd4 Bd5 19. Bxd5 Nxd5 20. Be5 a6 21. Rac1 Rac8 22. Nf3 Rfd8 23. Kf1 Kf8 24. Ke2 f6 25. Bg3 Rxc1 26. Rxc1 e5 27. a3 Kf7 28. Nd2 Rd7 29. h3 Rc7 30. Rxc7 Nxc7 31. f4 exf4 32. Bxf4 Nd5 33. Bg3 Ke6 34. Kf3 b5 35. Bh2 Bd6 36. Bxd6 Kxd6 37. Ke4 Ne7 38. g4 g6 39. b4 Nc6 40. Nb3 Ne5 41. Nc5 Nc4 42. Nxa6 Nxa3 43. Nc5 Nc2 44. Nd3 Kc6 45. h4 Kd6 46. h5 Kc6 47. h6 Kd6 48. Nf4 g5 49. Nd5 Ke6 50. Nc7+ Kf7 51. Nxb5 Kg6 52. Nd4 Nxb4 53. Nf5 Nc6 54. Kd5 Ne5 55. Ne7+ Kf7 0-1

[Event "San Francisco TNM Winter op"]
[Site "San Francisco"]
[Date "2009.01.06"]
[Round "1"]
[White "Gaffagan, Steven"]
[Black "Milliken, William"]
[Result "1/2-1/2"]
[WhiteElo "2037"]
[BlackElo "1657"]
[PlyCount "66"]
[EventDate "2009.01.06"]
[EventType "swiss"]
[EventRounds "8"]
[EventCountry "USA"]
[SourceTitle "EXT 2012"]
[Source "ChessBase"]
[SourceDate "2011.11.24"]
[SourceVersion "1"]
[SourceVersionDate "2011.11.24"]
[SourceQuality "1"]

1. e4 e5 2. Nf3 Nc6 3. Bb5 f5 4. Nc3 fxe4 5. Nxe4 d5 6. Nxe5 dxe4 7. Nxc6 Qg5 8. Qe2 Nf6 9. f4 Qxf4 10. d4 Qh4+ 11. g3 Qh3 12. Ne5+ c6 13. Bc4 Be6 14. Bg5 0-0-0 15. 0-0-0 Bd6 16. Bxe6+ Qxe6 17. Qc4 Rhe8 18. Qxe6+ Rxe6 19. Rhf1 Rf8 20. Nc4 Kc7 21. Bf4 Bxf4+ 22. Rxf4 Rfe8 23. Rdf1 R8e7 24. Kd2 Rd7 25. c3 c5 26. Ne5 Rd8 27. Nf7 Rd7 28. Ng5 Re8 29. Rc1 h6 30. Nh3 Kb6 31. Ke2 cxd4 32. cxd4 Rxd4 33. Rf5 Red8 1/2-1/2

[Event "San Francisco TNM Fall op"]
[Site "San Francisco"]
[Date "2008.12.09"]
[Round "9"]
[White "Milliken, William"]
[Black "Periwal, Prashant"]
[Result "0-1"]
[WhiteElo "1683"]
[BlackElo "1874"]
[PlyCount "96"]
[EventDate "2008.10.14"]
[EventType "swiss"]
[EventRounds "10"]
[EventCountry "USA"]
[SourceTitle "EXT 2012"]
[Source "ChessBase"]
[SourceDate "2011.11.24"]
[SourceVersion "1"]
[SourceVersionDate "2011.11.24"]
[SourceQuality "1"]

1. e4 c5 2. d4 cxd4 3. c3 d5 4. exd5 Qxd5 5. cxd4 Nc6 6. Be3 e5 7. Nc3 Bb4 8. dxe5 Bxc3+ 9. bxc3 Qxe5 10. Nf3 Qxc3+ 11. Bd2 Qc5 12. Rc1 Qe7+ 13. Be2 Nf6 14. 0-0 Be6 15. Bb5 Qd6 16. Qa4 0-0 17. Bf4 Qd5 18. Bxc6 bxc6 19. Qxc6 Qxa2 20. Ra1 Qd5 21. Qxd5 Bxd5 22. Rfd1 Rfe8 23. Bg5 Re6 24. Ra5 Bxf3 25. gxf3 a6 26. Bxf6 Rxf6 27. Rda1 Kf8 28. Kg2 Ke7 29. f4 Kd7 30. Kf3 Kc7 31. f5 Kb6 32. Kf4 Rh6 33. Kg3 Rc6 34. Kf4 Ra7 35. h4 Rc4+ 36. Kg3 Rc5 37. Rxc5 Kxc5 38. f6 g6 39. Kf4 Kd6 40. Kg5 a5 41. Kh6 Ke6 42. Kg7 a4 43. Ra3 h5 44. f4 Kf5 45. Ra1 a3 46. Ra2 Kxf4 47. Rxa3 Rxa3 48. Kxf7 Kg4 0-1

[Event "San Francisco Chernev Memorial"]
[Site "San Francisco"]
[Date "2008.08.12"]
[Round "2"]
[White "Milliken, William"]
[Black "Morgan, Jerry"]
[Result "1-0"]
[WhiteElo "1629"]
[BlackElo "1425"]
[PlyCount "61"]
[EventDate "2008.08.05"]
[EventType "swiss"]
[EventRounds "8"]
[EventCountry "USA"]
[SourceTitle "CBM 126 Extra"]
[Source "ChessBase"]
[SourceDate "2008.11.05"]
[SourceVersion "1"]
[SourceVersionDate "2008.11.05"]
[SourceQuality "1"]

1. e4 c6 2. d4 d5 3. Nc3 dxe4 4. Nxe4 Bf5 5. Ng3 Bg6 6. h4 h6 7. Nf3 Nd7 8. h5 Bh7 9. Bd3 Bxd3 10. Qxd3 e6 11. Bd2 Ngf6 12. 0-0-0 Be7 13. c4 0-0 14. Bc3 a5 15. a3 Qb8 16. Ne5 Nxe5 17. dxe5 Rd8 18. Qe2 Nd7 19. f4 b5 20. f5 Bg5+ 21. Bd2 Bxd2+ 22. Rxd2 Qxe5 23. Rxd7 Qxe2 24. Rxd8+ Rxd8 25. Nxe2 e5 26. Rd1 Rxd1+ 27. Kxd1 b4 28. axb4 axb4 29. Kd2 c5 30. Kd3 Kf8 31. Ke4 1-0